Central Library OPAC University of Rajshahi

গবেষণার : (Record no. 81545)

MARC details
000 -LEADER
fixed length control field 00801nam a2200229 a 4500
001 - CONTROL NUMBER
control field 81545
003 - CONTROL NUMBER IDENTIFIER
rucl marc code BD-RjUL
005 - DATE AND TIME OF LATEST TRANSACTION
control field 20230709154025.0
008 - FIXED-LENGTH DATA ELEMENTS--GENERAL INFORMATION
fixed length control field 230709s2010 ii ||||| |||| 00| 0 ben d
020 ## - INTERNATIONAL STANDARD BOOK NUMBER
International Standard Book Number 81854711010
035 ## - SYSTEM CONTROL NUMBER
System control number (BD-RjUL)81545
040 ## - CATALOGING SOURCE
Original cataloging agency BD-RjUL
Language of cataloging eng
Transcribing agency BD-RjUL
041 ## - LANGUAGE CODE
Language code of text/sound track or separate title ben
082 ## - DEWEY DECIMAL CLASSIFICATION NUMBER
Edition number 23
Classification number 891.444
Author mark and year GAB 2010
245 ## - TITLE STATEMENT
Title গবেষণার :
Remainder of title অন্দর-বাহির /
Statement of responsibility, etc. সম্পাদক সুধীর চক্রবর্তী
260 ## - PUBLICATION, DISTRIBUTION, ETC. (IMPRINT)
Place of publication, distribution, etc. কলকাতা :
Name of publisher, distributor, etc. পুস্তক বিপণি,
Date of publication, distribution, etc. ২০১০
300 ## - PHYSICAL DESCRIPTION
Pagination ৩৩৬ পৃ.;
Size ২২ সেমি.
650 ## - SUBJECT ADDED ENTRY--TOPICAL TERM
Topical term or geographic name as entry element বাংলা প্রবন্ধ
Topical term or geographic name as entry element Bengali Essay
9 (RLIN) 4490
700 ## - ADDED ENTRY--PERSONAL NAME
Personal name চক্রবর্তী, সুধীর
942 ## - ADDED ENTRY ELEMENTS (KOHA)
Source of classification or shelving scheme Dewey Decimal Classification
Koha item type Books
Holdings
Lost status Source of classification or shelving scheme Damaged status Not for loan Collection code Permanent Location Current Location Shelving location Date acquired Source of acquisition Cost, normal purchase price Total Checkouts Full call number Date last seen Copy number Koha item type
  Dewey Decimal Classification   Not For Loan Non-fiction Central Library, University of Rajshahi Central Library, University of Rajshahi Reading Room 30/05/2023 Dhaka: Omni Concept 500.00   B 891.444 GAB 2010 09/07/2023 C-1 Books
  Dewey Decimal Classification     Non-fiction Central Library, University of Rajshahi Central Library, University of Rajshahi General Stacks 30/05/2023 Dhaka: Omni Concept 500.00   B 891.444 GAB 2010 09/07/2023 C-2 Books